Loading...
| Science - Chemistry | 0 | 5 | 0 | 0 | 50 | 50 | 67.40 | 0 | 5 | 14.99 | 38.57 |
| Literature - European | 0 | 4 | 0 | 0 | 40 | 62 | 96.00 | 0 | 1 | 6.72 | 19.29 |
| Science - Other | 0 | 3 | 0 | 1 | 30 | 50 | 73.33 | 1 | 2 | 10.86 | 17.50 |
| Literature - British | 0 | 3 | 0 | 0 | 30 | 65 | 81.67 | 0 | 3 | 5.81 | 14.76 |
| Science - Biology | 0 | 2 | 0 | 1 | 20 | 77 | 90.50 | 0 | 1 | 3.00 | 13.57 |
| Popular Culture | 0 | 1 | 0 | 0 | 10 | 25 | 25.00 | 1 | 1 | 15.45 | 20.00 |
| Religion | 0 | 1 | 0 | 0 | 10 | 127 | 127.00 | 0 | 0 | 0.73 | 3.75 |
| Fine Arts - Classical Music | 0 | 1 | 0 | 0 | 10 | 93 | 93.00 | 0 | 0 | 2.38 | 6.25 |
| Fine Arts - Other | 0 | 1 | 0 | 0 | 10 | 110 | 110.00 | 1 | 1 | 0.00 | 6.25 |
| Fine Arts - Painting and Sculpture | 0 | 1 | 0 | 1 | 10 | 92 | 92.00 | 0 | 0 | 2.14 | 2.86 |
| History - European | 0 | 1 | 0 | 0 | 10 | 89 | 89.00 | 0 | 0 | 1.19 | 2.26 |
| Literature - World | 0 | 1 | 0 | 0 | 10 | 102 | 102.00 | 0 | 1 | 1.97 | 7.50 |
| Social Science | 0 | 1 | 0 | 0 | 10 | 101 | 101.00 | 0 | 1 | 0.70 | 10.71 |
| Science - Physics | 0 | 1 | 0 | 1 | 10 | 83 | 83.00 | 0 | 0 | 1.86 | 2.50 |
| Mythology | 0 | 0 | 1 | 0 | -5 | 0.00 | 0 | 0 | 0.00 | 0.00 |